000 00588nam a2200205 a 4500
005 20240806064120.0
008 991125c1986 mad 000 0 spa u
020 _a847046423X
035 _aUPN01000025341
049 _aCG
050 4 _aBF175
_bV3.3
100 1 _aVázquez Fernández, Antonio
245 1 0 _aFreud y Jung :
_bexploradores del inconsciente /
_cAntonio Vázquez Fernández.
260 _aMadrid :
_bCincel,
_c1986.
300 _a232 p.
440 0 _aHistoria de la filosofía ;
_v23
650 4 _aINCONSCIENTE
_914578
650 4 _aPsicoanálisis
_91572
905 _aLibro
999 _c25341
_d25341